Political pressure on central banks <the> case of the Czech National Bank

Saved in:
Bibliographic Details
Main Author: Geršl, Adam
Format: Book Chapter
Language:English
Subjects:
Tags: Add Tag
No Tags, Be the first to tag this record!

MARC

LEADER 00000naa$a2200000$$$4500
001 0041565
005 20231010105930.9
041 0 |a eng 
044 |a CZ 
245 1 0 |a Political pressure on central banks  |b <the> case of the Czech National Bank  |c Adam Geršl 
610 2 0 |a banky centrálne 
610 2 0 |a ČNB Praha 
610 2 0 |a Česko 
610 2 0 |a nezávislosť 
610 2 0 |a politika 
610 2 0 |a politika menová 
610 2 0 |a vláda 
100 1 |a Geršl, Adam